Ekonómia a riadenie podniku /

Hlavní autor: Malik, Jozef
Korporativní autor: Technická univerzita (Košice, Slovensko). Katedra metalurgie železa a zlievarenstva
Jazyk: Slovenština
Vydáno: Košice : Technická univerzita v Košiciach, Hutnícka fakulta, 2006
Vydání: Vyd. 1.
Témata:
Fyzický popis: 128 s. : il. ; 30 cm
Knihy
Uloženo v:
LEADER 01645nam a2200385 a 4500
001 000848795
003 CZ BrMZK
005 20091013085038.0
007 ta
008 070424s2006 xo a e p 000 0 slo
020 |a 80-8073-695-2  |q (brož.) 
040 |a BOA001  |b cze 
072 7 |a 658  |x Řízení a správa podniku  |2 Konspekt  |9 4 
072 7 |a 37.016  |x Učební osnovy. Vyučovací předměty. Učebnice  |2 Konspekt  |9 22 
080 |a 658  |2 MRF 
080 |a 658.114.2/.6  |2 MRF 
080 |a (075.8)  |2 MRF 
100 1 |a Malik, Jozef  |7 mzk2006356045  |4 aut 
245 1 0 |a Ekonómia a riadenie podniku /  |c Jozef Malik 
250 |a Vyd. 1. 
260 |a Košice :  |b Technická univerzita v Košiciach, Hutnícka fakulta,  |c 2006 
300 |a 128 s. :  |b il. ;  |c 30 cm 
500 |a Na obálce nad názvem: Technická univerzita v Košiciach, Hutnícka fakulta, Katedra metalurgie železa a zlievarenstva 
500 |a 500 výt. 
504 |a Obsahuje bibliografii 
521 8 |a Skripta určena pro posluchače 1. ročníku Hutnické fakulty Technické univerzita v Košicích, bakalářského studia 
541 |a Bratislava, Centrum vedecko-technických informácií SR 
650 0 7 |a podniková ekonomika  |7 ph115762  |2 czenas 
650 0 7 |a řízení a správa společností  |7 ph182334  |2 czenas 
655 7 |a učebnice vysokých škol  |7 fd133772  |2 czenas 
710 2 |a Technická univerzita (Košice, Slovensko).  |b Katedra metalurgie železa a zlievarenstva  |7 kn20030307017 
910 2 |a BOA001  |b 3-1182.365 
990 |a BK 
991 |b 200705  |c NOV 
996 7 |b 2610308363  |c 3-1182.365  |l MZK  |r Sklad / do 1 hodiny  |n 2  |p vým.  |w 000848795  |u 000010  |a 1  |e BOA001  |j MZK50  |s A